000 00751cam a22002651 4500
999 _c5628
_d5628
001 13803433
003 GBCCL
005 20241126110546.0
008 041201s1962 xxu 000 0 eng
010 _a 62021368
040 _aDLC
_cDLC
_dDLC
050 0 0 _aBX4817
_b.S8
082 _a200
_bSTR
100 1 _aStringfellow, William.
_910180
245 1 2 _aA private and public faith.
260 _aGrand Rapids,
_bEerdmans
_c[c1962]
300 _a93 p. ;
_c22 cm.
650 _aProtestantism -- 20th century.
_910181
650 _a Protestantism.
_9659
650 _aUnited States -- Religion.
_910182
906 _a0
_bibc
_cpremunv
_d3
_encip
_f19
_gy-gencatlg
942 _2ddc
_cBK
_01